| 000 | 00456cam a22001337a 4500 | ||
|---|---|---|---|
| 008 | 180718b2008 xxu||||| |||| 00| 0 eng d | ||
| 020 | _a9788184650051 | ||
| 082 | _aA99x54 G541 | ||
| 245 |
_aLilavati's daughters: The women scientists of india _cedited by. Rohini, Godbole and Ram Ramaswamy |
||
| 260 |
_aIndia _bBrilliant Printers _c2008 |
||
| 300 | _a369p. | ||
| 650 | _aWomen scientists -- India -- Biography | ||
| 700 | _aGodbole,Rohini and Ramaswamy, Ram | ||
| 999 |
_c503144 _d503144 |
||